[Event "Kragero Resort Chess A 2019"]
[Site "Kragero"]
[Date "2019.02.21"]
[Round "2.10"]
[White "Holm, Kristian Stuvik"]
[Black "Nordquelle, Daniel"]
[Result "1-0"]
[WhiteElo "2456"]
[BlackElo "2235"]
[Annotator "TA"]
[PlyCount "41"]
[EventDate "2019.02.20"]
[EventType "swiss"]
[EventCountry "NOR"]
[SourceTitle "playchess.com"]
[Source "ChessBase"]
[SourceQuality "1"]

{[%evp 9,41,0,16,0,91,81,94,84,62,27,165,169,150,166,180,190,195,193,193,200,257,35,383,130,493,445,835,827,959,937,1873,1595,1811,1715]} 1. c4 e6 2. Nc3 d5 3. d4 c6 4. Nf3 dxc4 5. g3 b5 6. a4 {D31: Queen's Gambit Declined: Semi-Slav without ...Nf6 (+ Marshall Gambit and Noteboom) and Exchange Variation lines without ...Nf6} (6. Bg2 Bb7 7. Ne5 Qc8 8. O-O Nd7 9. b3 b4 10. Ne4 Nxe5 11. dxe5 c3 12. Qd3 a5 13. Be3 f5 14. exf6 Nxf6 15. Nxf6+ gxf6 16. Bf3 Kf7 17. Rfd1 h5 18. a4 Rb8 19. Ba7 Ra8 20. Be3 Rb8 21. Ba7 Ra8 {½-½ (21) Nakamura,H (2759)-Ivanchuk,V (2766) Wijk aan Zee 2012}) 6... Qb6 $146 (6... b4 $11 {keeps the balance.} 7. Ne4 Nd7) ({Predecessor:} 6... b4 7. Ne4 a5 8. Bg2 Nd7 9. O-O Ba6 10. Ne5 Rc8 11. Bf4 f6 12. Nxd7 Qxd7 13. Qc1 {0-1 (48) Gupta,A (2634)-Fodor,T (2494) London 2016}) 7. Be3 $1 $16 Qb7 8. Bg2 {White is better.} Nf6 9. O-O {aiming for axb5.} Nbd7 (9... a6 $11 {and Black stays safe.}) 10. axb5 $18 cxb5 {[#]} 11. d5 $1 {[%mdl 512]} Nxd5 (11... exd5 12. Ng5) 12. Ng5 $1 {[%cal Rc3d5]} N7f6 {[#]} 13. Bd4 $1 {[%cal Rd4f6] And now Bxf6 would win.} b4 14. Nxd5 Nxd5 15. Qc2 $2 ({Only move:} 15. e4 $18 Nb6 16. Qh5) 15... f6 $2 {[%mdl 8192] [#]} (15... a5 $14) 16. Nxh7 $2 (16. e4 $1 $18 {[%cal Re4d5] is the precise move to win.} b3 17. Qe2) 16... e5 $2 {[%mdl 8192]} (16... b3 $16 17. Qg6+ Qf7 18. Nxf8 Kxf8) 17. Qg6+ {White is clearly winning.} Kd8 (17... Qf7 $142 18. Qxf7+ Kxf7 19. Bxd5+ Be6) 18. Nxf8 exd4 19. Ra5 {[%cal Ba1a5,Ba5d5,Bd5d4][%mdl 32]} Qe7 20. Rxd5+ {[%mdl 64] Double Attack} Kc7 21. Rxd4 {Accuracy: White = 59%, Black =  9%.} 1-0

[Event "Kragero Resort Chess A 2019"]
[Site "Kragero"]
[Date "2019.02.21"]
[Round "2.11"]
[White "Birkisson, Bardur Orn"]
[Black "Beerdsen, Thomas"]
[Result "0-1"]
[WhiteElo "2233"]
[BlackElo "2454"]
[Annotator "TA"]
[PlyCount "42"]
[EventDate "2019.02.20"]
[EventType "swiss"]
[EventCountry "NOR"]
[SourceTitle "playchess.com"]
[Source "ChessBase"]
[SourceQuality "1"]

{[%evp 9,42,3,15,-49,-39,-56,-57,-92,-99,-251,-260,-248,-259,-363,-361,-384,-204,-189,-192,-297,-243,-426,-439,-427,-370,-437,-389,-503,-518,-1252,-1231,-1239,-1172,-1231,-1076]} 1. d4 d5 2. Bf4 c5 3. e3 cxd4 4. exd4 Nc6 5. c3 f6 (5... Nf6 6. Nd2 Bg4 7. Qb3 Qc8 8. Ngf3 e6 9. Bd3 Bh5 10. O-O Bg6 11. Bxg6 hxg6 12. Rae1 Be7 13. g3 O-O 14. Ne5 Nxe5 15. dxe5 Nd7 16. h4 Nc5 17. Qc2 Qc6 18. Re3 Qa6 19. Qb1 Rac8 20. Kg2 b5 {0-1 (50) Duda,J (2738)-Van Foreest,J (2612) Wijk aan Zee 2019}) 6. Bd3 {B13: Caro-Kann: Exchange Variation and Panov-Botvinnik Attack} (6. Bb5 $11) 6... e5 $15 7. dxe5 $146 ({Predecessor:} 7. Bg3 e4 8. Bc2 f5 9. h4 Nf6 10. Ne2 Bd6 11. Bxd6 Qxd6 12. Qd2 O-O 13. Qf4 {½-½ (77) Golubov,S (2482)-Kevlishvili,R (2451) St Petersburg 2018}) 7... fxe5 8. Qh5+ {[%mdl 64] Double Attack. Black is slightly better.} g6 {[#]} 9. Bxg6+ $1 {[%mdl 512]} hxg6 $19 10. Qxh8 exf4 11. Qxg8 (11. Nf3 $142 Qe7+ 12. Kf1) 11... Bf5 12. Qh7 {Strongly threatening Nf3.} Qb6 (12... Ne5 $142 13. b3 (13. Qxb7 $2 Rb8 $19) 13... Nd3+ 14. Ke2 Qb6) 13. Nf3 {[#] Hoping for 0-0.} Bd3 14. b3 (14. Kd2 $142 Be4 15. Kc1 Qxf2 16. Nbd2) 14... O-O-O {And now ...Re8+ would win.} 15. Qh4 $2 (15. Qf7 Bc5 16. Kd1) 15... Bc5 16. Qxf4 Bxf2+ 17. Kd2 Bf5 18. g4 d4 {...Be3+ is the strong threat.Black is clearly winning.} 19. gxf5 (19. Ke2 $142 Be3 20. Qg3) 19... Be3+ 20. Qxe3 dxe3+ 21. Kc2 Qc5 {Accuracy: White = 18%, Black = 83%.} 0-1

[Event "Kragero Resort Chess A 2019"]
[Site "Kragero"]
[Date "2019.02.21"]
[Round "2.12"]
[White "Thorfinnsson, Bragi"]
[Black "Ranaldi, Lucas"]
[Result "0-1"]
[WhiteElo "2438"]
[BlackElo "2229"]
[Annotator "TA"]
[PlyCount "24"]
[EventDate "2019.02.20"]
[EventType "swiss"]
[EventCountry "NOR"]
[SourceTitle "playchess.com"]
[Source "ChessBase"]
[SourceQuality "1"]

{[%evp 8,8,-13]} 1. d4 Nf6 2. Nc3 d5 3. Bf4 a6 4. e3 e6 {Predecessor:} 5. g4 $146 b5 6. g5 Nfd7 7. h4 c5 8. Nce2 Nc6 9. Nf3 Nb6 10. c3 cxd4 11. Nexd4 Bb7 12. Nxc6 Bxc6 {1-0 (53) Alekseenko,K (2638)-Riazantsev,A (2649) St Petersburg 2018} 0-1

[Event "Kragero Resort Chess A 2019"]
[Site "Kragero"]
[Date "2019.02.21"]
[Round "2.13"]
[White "Lund, Gunnar"]
[Black "Mikalsen, Erlend"]
[Result "1/2-1/2"]
[WhiteElo "2211"]
[BlackElo "2406"]
[Annotator "NA"]
[PlyCount "91"]
[EventDate "2019.02.20"]
[EventType "swiss"]
[EventCountry "NOR"]
[SourceTitle "playchess.com"]
[Source "ChessBase"]
[SourceQuality "1"]
[TimeControl "5400+30"]

1. b3 {[%emt 0:00:17]} e5 {[%emt 0:00:00]} 2. Bb2 {[%emt 0:00:07]} Nc6 {[%emt 0:00:00]} 3. e3 {[%emt 0:01:11]} Nf6 {[%emt 0:00:00]} 4. Nf3 {[%emt 0:00:26]} Bd6 {[%emt 0:02:48]} 5. d4 {[%emt 0:06:05]} e4 {[%emt 0:06:12]} 6. Nfd2 {[%emt 0:04:29]} O-O {[%emt 0:00:51]} 7. c4 {[%emt 0:01:27]} Re8 {[%emt 0:01:10]} 8. Nc3 {[%emt 0:03:09]} Bb4 {[%emt 0:08:36]} 9. d5 {[%emt 0:12:05]} Ne5 {[%emt 0:01:55]} 10. Qc2 {[%emt 0:06:45]} d6 {[%emt 0:04:07]} 11. a3 {[%emt 0:02:09]} Bxc3 {[%emt 0:00:22]} 12. Qxc3 {[%emt 0:00:22]} Bf5 {[%emt 0:05:42]} 13. Be2 {[%emt 0:03:22]} Nfd7 {[%emt 0:05:55]} 14. O-O {[%emt 0:05:36]} Qg5 {[%emt 0:05:25]} 15. Kh1 {[%emt 0:04:24]} Qh6 {[%emt 0:01:30]} 16. f4 {[%emt 0:06:25]} exf3 {[%emt 0:03:25]} 17. gxf3 {[%emt 0:02:40]} Ng6 {[%emt 0:04:41]} 18. f4 {[%emt 0:06:27]} Nf6 {[%emt 0:00:57]} 19. Rae1 {[%emt 0:02:12]} Re7 {[%emt 0:03:48]} 20. Bf3 {[%emt 0:07:02]} Rae8 {[%emt 0:02:13]} 21. Rg1 {[%emt 0:02:35]} Ne4 {[%emt 0:02:25]} 22. Nxe4 {[%emt 0:01:07]} Bxe4 {[%emt 0:00:09]} 23. Bxe4 {[%emt 0:00:55]} Rxe4 {[%emt 0:00:04]} 24. Qd2 {[%emt 0:02:11]} Qh5 {[%emt 0:02:19]} 25. Rg3 {[%emt 0:04:17]} f6 {[%emt 0:02:01]} 26. Reg1 {[%emt 0:02:04]} Qf5 {[%emt 0:00:22]} 27. Bd4 {[%emt 0:00:41]} R4e7 {[%emt 0:02:58]} 28. Qg2 {[%emt 0:01:40]} Qd3 {[%emt 0:06:47]} 29. a4 {[%emt 0:00:57]} Kh8 {[%emt 0:01:44]} 30. Qb2 {[%emt 0:06:55]} Rf7 {[%emt 0:10:23]} 31. Qb1 {[%emt 0:04:56]} Qxb1 {[%emt 0:03:03]} 32. Rxb1 {[%emt 0:00:08]} Ne7 {[%emt 0:00:03]} 33. e4 {[%emt 0:00:48]} c5 {[%emt 0:03:18]} 34. Bc3 {[%emt 0:00:33]} Ng6 {[%emt 0:00:11]} 35. f5 {[%emt 0:00:17]} Nh4 {[%emt 0:01:44]} 36. Re1 {[%emt 0:00:44]} Rfe7 {[%emt 0:00:24]} 37. Reg1 {[%emt 0:00:06]} h5 {[%emt 0:02:48]} 38. Bd2 {[%emt 0:00:41]} Rxe4 {[%emt 0:01:46]} 39. Rxg7 {[%emt 0:00:39]} Nf3 {[%emt 0:00:42]} 40. Bc3 {[%emt 0:00:20]} Nxg1 {[%emt 0:03:38]} 41. Bxf6 {[%emt 0:00:28]} Ne2 {[%emt 0:01:11]} 42. Rg6+ {[%emt 0:00:05]} Kh7 {[%emt 0:00:04]} 43. Rg7+ {[%emt 0:00:04]} Kh6 {[%emt 0:00:23]} 44. Rg6+ {[%emt 0:00:04]} Kh7 {[%emt 0:00:03]} 45. Rg7+ {[%emt 0:00:04]} Kh6 {[%emt 0:00:03]} 46. Rg6+ {[%emt 0:00:05]} 1/2-1/2

[Event "Kragero Resort Chess A 2019"]
[Site "Kragero"]
[Date "2019.02.21"]
[Round "2.14"]
[White "Kjartansson, Gudmundur"]
[Black "Kazarian, Anna-Maja"]
[Result "1-0"]
[WhiteElo "2403"]
[BlackElo "2189"]
[Annotator "NA"]
[PlyCount "81"]
[EventDate "2019.02.20"]
[EventType "swiss"]
[EventCountry "NOR"]
[SourceTitle "playchess.com"]
[Source "ChessBase"]
[SourceQuality "1"]
[TimeControl "5400+30"]

1. Nf3 {[%emt 0:00:00]} Nf6 {[%emt 0:00:00]} 2. g3 {[%emt 0:00:27]} d5 {[%emt 0:00:17]} 3. Bg2 {[%emt 0:00:11]} c5 {[%emt 0:00:43]} 4. O-O {[%emt 0:00:38]} Nc6 {[%emt 0:00:34]} 5. d4 {[%emt 0:00:13]} cxd4 {[%emt 0:10:20]} 6. Nxd4 {[%emt 0:00:07]} e5 {[%emt 0:01:23]} 7. Nxc6 {[%emt 0:00:18]} bxc6 {[%emt 0:00:05]} 8. c4 {[%emt 0:00:07]} Be7 {[%emt 0:07:55]} 9. b3 {[%emt 0:20:18]} O-O {[%emt 0:03:01]} 10. Bb2 {[%emt 0:00:19]} e4 {[%emt 0:08:19]} 11. cxd5 {[%emt 0:02:47]} cxd5 {[%emt 0:00:21]} 12. Bd4 {[%emt 0:00:45]} Be6 {[%emt 0:07:22]} 13. Qd2 {[%emt 0:01:47]} Qd7 {[%emt 0:01:40]} 14. Nc3 {[%emt 0:02:17]} Rac8 {[%emt 0:04:36]} 15. Rfd1 {[%emt 0:10:43]} Qb7 {[%emt 0:07:27]} 16. Qb2 {[%emt 0:05:36]} Ne8 {[%emt 0:11:10]} 17. Na4 {[%emt 0:11:35]} Bf6 {[%emt 0:02:36]} 18. Qd2 {[%emt 0:01:16]} Bxd4 {[%emt 0:00:41]} 19. Qxd4 {[%emt 0:00:06]} Nd6 {[%emt 0:09:28]} 20. Rac1 {[%emt 0:01:50]} Nf5 {[%emt 0:02:41]} 21. Qe5 {[%emt 0:01:12]} Qe7 {[%emt 0:06:25]} 22. Nc3 {[%emt 0:10:55]} Qa3 {[%emt 0:05:55]} 23. Bh3 {[%emt 0:05:34]} d4 {[%emt 0:05:56]} 24. Bxf5 {[%emt 0:00:18]} Rxc3 {[%emt 0:00:26]} 25. Rxc3 {[%emt 0:08:22]} dxc3 {[%emt 0:00:04]} 26. Bxe6 {[%emt 0:00:11]} c2 {[%emt 0:01:00]} 27. Bxf7+ {[%emt 0:00:03]} Kh8 {[%emt 0:01:25]} 28. Rf1 {[%emt 0:00:06]} c1=Q {[%emt 0:00:12]} 29. Rxc1 {[%emt 0:00:02]} Qxc1+ {[%emt 0:00:06]} 30. Kg2 {[%emt 0:00:01]} Qc6 {[%emt 0:02:03]} 31. Qe7 {[%emt 0:01:24]} Ra8 {[%emt 0:00:40]} 32. h4 {[%emt 0:05:20]} Qf6 {[%emt 0:00:32]} 33. Qxe4 {[%emt 0:00:34]} Rf8 {[%emt 0:00:04]} 34. Bc4 {[%emt 0:00:10]} Qxf2+ {[%emt 0:00:04]} 35. Kh3 {[%emt 0:00:03]} Qf5+ {[%emt 0:01:03]} 36. Qxf5 {[%emt 0:00:08]} Rxf5 {[%emt 0:00:03]} 37. Kg4 {[%emt 0:00:08]} Rf2 {[%emt 0:01:05]} 38. b4 {[%emt 0:00:39]} g6 {[%emt 0:00:31]} 39. a4 {[%emt 0:00:03]} Kg7 {[%emt 0:00:35]} 40. a5 {[%emt 0:00:25]} h5+ {[%emt 0:00:39]} 41. Kh3 {[%emt 0:00:06]} 1-0

[Event "Kragero Resort Chess A 2019"]
[Site "Kragero"]
[Date "2019.02.21"]
[Round "2.15"]
[White "Vitenberg, Noam Aviv"]
[Black "Getz, Nicolai"]
[Result "0-1"]
[WhiteElo "2180"]
[BlackElo "2398"]
[Annotator "NA"]
[PlyCount "106"]
[EventDate "2019.02.20"]
[EventType "swiss"]
[EventCountry "NOR"]
[SourceTitle "playchess.com"]
[Source "ChessBase"]
[SourceQuality "1"]
[TimeControl "5400+30"]

1. Nf3 {[%emt 0:10:54]} Nf6 {[%emt 0:47:02]} 2. c4 {[%emt 0:00:30]} g6 {[%emt 0:00:30]} 3. Nc3 {[%emt 0:00:30]} Bg7 {[%emt 0:00:30]} 4. e4 {[%emt 0:00:30]} d6 {[%emt 0:00:30]} 5. d4 {[%emt 0:00:30]} O-O {[%emt 0:00:30]} 6. Be2 {[%emt 0:00:30]} e5 {[%emt 0:00:30]} 7. Be3 {[%emt 0:00:30]} Ng4 {[%emt 0:00:30]} 8. Bg5 {[%emt 0:00:30]} f6 {[%emt 0:00:30]} 9. Bh4 {[%emt 0:00:30]} Nc6 {[%emt 0:00:30]} 10. d5 {[%emt 0:00:30]} Ne7 {[%emt 0:00:30]} 11. Nd2 {[%emt 0:00:30]} f5 {[%emt 0:00:30]} 12. Bxg4 {[%emt 0:00:30]} fxg4 {[%emt 0:00:30]} 13. Bg5 {[%emt 0:00:30]} h6 {[%emt 0:00:30]} 14. Be3 {[%emt 0:00:30]} c5 {[%emt 0:00:30]} 15. Rb1 {[%emt 0:00:30]} g5 {[%emt 0:00:30]} 16. Nb3 {[%emt 0:00:30]} Ng6 {[%emt 0:00:30]} 17. g3 {[%emt 0:00:30]} a6 {[%emt 0:00:30]} 18. Nc1 {[%emt 0:00:30]} Rf3 {[%emt 0:00:30]} 19. N1e2 {[%emt 0:00:30]} b6 {[%emt 0:00:30]} 20. Qc2 {[%emt 0:00:30]} Ra7 {[%emt 0:00:30]} 21. b4 {[%emt 0:00:30]} Raf7 {[%emt 0:00:30]} 22. bxc5 {[%emt 0:00:30]} bxc5 {[%emt 0:00:30]} 23. Rb8 {[%emt 0:00:30]} Bf8 {[%emt 0:00:30]} 24. Qb2 {[%emt 0:00:30]} Rc7 {[%emt 0:00:30]} 25. Bd2 {[%emt 0:00:30]} Rff7 {[%emt 0:00:30]} 26. Na4 {[%emt 0:00:30]} Qf6 {[%emt 0:00:30]} 27. O-O {[%emt 0:00:30]} Qf3 {[%emt 0:00:30]} 28. Ba5 {[%emt 0:00:30]} Rb7 {[%emt 0:00:30]} 29. Rxb7 {[%emt 0:00:30]} Rxb7 {[%emt 0:00:30]} 30. Qc2 {[%emt 0:00:30]} Nh4 {[%emt 0:00:30]} 31. gxh4 {[%emt 0:00:30]} gxh4 {[%emt 0:00:30]} 32. Rc1 {[%emt 0:00:30]} Rf7 {[%emt 0:00:30]} 33. Ng3 {[%emt 0:00:30]} hxg3 {[%emt 0:00:30]} 34. hxg3 {[%emt 0:00:30]} h5 {[%emt 0:00:30]} 35. Re1 {[%emt 0:00:30]} Bh6 {[%emt 0:00:30]} 36. Nb6 {[%emt 0:00:30]} h4 {[%emt 0:00:30]} 37. Qe2 {[%emt 0:00:30]} hxg3 {[%emt 0:00:30]} 38. Qxf3 {[%emt 0:00:30]} Rxf3 {[%emt 0:00:30]} 39. fxg3 {[%emt 0:00:30]} Bb7 {[%emt 0:00:30]} 40. Rb1 {[%emt 0:00:30]} Rxg3+ {[%emt 0:00:30]} 41. Kh1 {[%emt 0:00:30]} Rh3+ {[%emt 0:00:30]} 42. Kg1 {[%emt 0:00:30]} Be3+ {[%emt 0:00:30]} 43. Kg2 {[%emt 0:00:30]} Bf4 {[%emt 0:00:30]} 44. Rh1 {[%emt 0:00:30]} Ra3 {[%emt 0:00:30]} 45. Be1 {[%emt 0:00:30]} Rxa2+ {[%emt 0:00:30]} 46. Kf1 {[%emt 0:00:30]} Rb2 {[%emt 0:00:30]} 47. Nd7 {[%emt 0:00:30]} Bc8 {[%emt 0:00:30]} 48. Nf6+ {[%emt 0:00:30]} Kf7 {[%emt 0:00:30]} 49. Rh8 {[%emt 0:00:30]} g3 {[%emt 0:00:30]} 50. Rxc8 {[%emt 0:00:30]} g2+ {[%emt 0:00:30]} 51. Kg1 {[%emt 0:00:30]} Be3+ {[%emt 0:00:30]} 52. Bf2 {[%emt 0:00:30]} Bxf2+ {[%emt 0:00:30]} 53. Kxg2 {[%emt 0:00:30]} Bh4+ {[%emt 0:00:30]} 0-1

[Event "Kragero Resort Chess A 2019"]
[Site "Kragero"]
[Date "2019.02.21"]
[Round "2.16"]
[White "Heimisson, Hilmir Freyr"]
[Black "Wedda, Dries"]
[Result "0-1"]
[WhiteElo "2394"]
[BlackElo "2173"]
[Annotator "NA"]
[PlyCount "94"]
[EventDate "2019.02.20"]
[EventType "swiss"]
[EventCountry "NOR"]
[SourceTitle "playchess.com"]
[Source "ChessBase"]
[SourceQuality "1"]
[TimeControl "5400+30"]

1. d4 {[%emt 0:00:30]} Nf6 {[%emt 0:00:00]} 2. Nc3 {[%emt 0:00:46]} d5 {[%emt 0:00:08]} 3. Bf4 {[%emt 0:00:06]} a6 {[%emt 0:00:25]} 4. e3 {[%emt 0:00:23]} e6 {[%emt 0:01:02]} 5. Nf3 {[%emt 0:09:49]} b5 {[%emt 0:04:21]} 6. Bd3 {[%emt 0:01:57]} Bb7 {[%emt 0:01:05]} 7. O-O {[%emt 0:18:04]} c5 {[%emt 0:02:42]} 8. dxc5 {[%emt 0:01:18]} Bxc5 {[%emt 0:00:13]} 9. Qe2 {[%emt 0:01:50]} Nbd7 {[%emt 0:29:32]} 10. a3 {[%emt 0:17:15]} Be7 {[%emt 0:07:54]} 11. e4 {[%emt 0:09:23]} Nc5 {[%emt 0:01:54]} 12. e5 {[%emt 0:03:31]} Nfd7 {[%emt 0:05:39]} 13. b4 {[%emt 0:07:33]} Nxd3 {[%emt 0:01:00]} 14. cxd3 {[%emt 0:00:01]} h5 {[%emt 0:17:03]} 15. Be3 {[%emt 0:01:02]} g5 {[%emt 0:08:15]} 16. Bd4 {[%emt 0:07:39]} Nb8 {[%emt 0:06:04]} 17. Qe3 {[%emt 0:00:22]} Nc6 {[%emt 0:02:01]} 18. Nd2 {[%emt 0:01:00]} Rh7 {[%emt 0:02:05]} 19. Nb3 {[%emt 0:00:36]} Rc8 {[%emt 0:01:14]} 20. Rac1 {[%emt 0:00:21]} g4 {[%emt 0:00:52]} 21. Bb6 {[%emt 0:02:50]} d4 {[%emt 0:02:29]} 22. Qe4 {[%emt 0:10:24]} Qxb6 {[%emt 0:00:17]} 23. Nd5 {[%emt 0:00:16]} exd5 {[%emt 0:00:30]} 24. Qxh7 {[%emt 0:00:05]} Nd8 {[%emt 0:01:18]} 25. Qxh5 {[%emt 0:00:36]} Rc3 {[%emt 0:00:48]} 26. Rxc3 {[%emt 0:04:19]} dxc3 {[%emt 0:00:03]} 27. Qxg4 {[%emt 0:00:14]} Ne6 {[%emt 0:01:16]} 28. d4 {[%emt 0:00:44]} Bg5 {[%emt 0:01:19]} 29. h4 {[%emt 0:00:36]} Bh6 {[%emt 0:00:08]} 30. Nc5 {[%emt 0:00:41]} c2 {[%emt 0:00:24]} 31. f4 {[%emt 0:00:22]} Bxf4 {[%emt 0:00:31]} 32. Nxe6 {[%emt 0:00:43]} Be3+ {[%emt 0:00:38]} 33. Kh1 {[%emt 0:00:06]} Qxe6 {[%emt 0:00:08]} 34. Qg8+ {[%emt 0:00:41]} Ke7 {[%emt 0:00:00]} 35. Qb8 {[%emt 0:00:14]} Qc8 {[%emt 0:03:27]} 36. Qd6+ {[%emt 0:00:40]} Ke8 {[%emt 0:00:02]} 37. e6 {[%emt 0:00:38]} Qxe6 {[%emt 0:00:01]} 38. Qb8+ {[%emt 0:00:08]} Bc8 {[%emt 0:00:29]} 39. Qc7 {[%emt 0:00:32]} c1=Q {[%emt 0:00:17]} 40. Rxc1 {[%emt 0:00:04]} Bxc1 {[%emt 0:00:06]} 41. Qxc1 {[%emt 0:00:03]} Qg4 {[%emt 0:00:25]} 42. Qc6+ {[%emt 0:01:21]} Bd7 {[%emt 0:00:08]} 43. Qxd5 {[%emt 0:00:10]} Qxh4+ {[%emt 0:00:06]} 44. Kg1 {[%emt 0:00:03]} Qf4 {[%emt 0:01:04]} 45. Qa8+ {[%emt 0:01:20]} Ke7 {[%emt 0:00:02]} 46. Qxa6 {[%emt 0:00:31]} Qxd4+ {[%emt 0:00:03]} 47. Kh2 {[%emt 0:00:04]} Qd6+ {[%emt 0:00:12]} 0-1

[Event "Kragero Resort Chess A 2019"]
[Site "Kragero"]
[Date "2019.02.21"]
[Round "2.17"]
[White "Bergsson, Stefan"]
[Black "Kaasen, Tor Fredrik"]
[Result "0-1"]
[WhiteElo "2172"]
[BlackElo "2387"]
[Annotator "NA"]
[PlyCount "92"]
[EventDate "2019.02.20"]
[EventType "swiss"]
[EventCountry "NOR"]
[SourceTitle "playchess.com"]
[Source "ChessBase"]
[SourceQuality "1"]
[TimeControl "5400+30"]

1. e4 {[%emt 0:04:12]} c5 {[%emt 0:00:00]} 2. Nf3 {[%emt 0:00:13]} d6 {[%emt 0:00:05]} 3. d4 {[%emt 0:00:34]} cxd4 {[%emt 0:00:11]} 4. Nxd4 {[%emt 0:00:08]} Nf6 {[%emt 0:00:08]} 5. Nc3 {[%emt 0:00:09]} a6 {[%emt 0:00:07]} 6. Bg5 {[%emt 0:04:01]} Nbd7 {[%emt 0:00:55]} 7. Be2 {[%emt 0:01:19]} e6 {[%emt 0:02:50]} 8. O-O {[%emt 0:03:54]} Be7 {[%emt 0:06:21]} 9. Qd2 {[%emt 0:08:40]} Qc7 {[%emt 0:01:00]} 10. a4 {[%emt 0:01:40]} b6 {[%emt 0:00:40]} 11. Rfe1 {[%emt 0:15:45]} Bb7 {[%emt 0:01:10]} 12. Bf1 {[%emt 0:02:07]} O-O {[%emt 0:00:49]} 13. f3 {[%emt 0:06:51]} Rac8 {[%emt 0:03:47]} 14. Be3 {[%emt 0:02:17]} Rfd8 {[%emt 0:03:34]} 15. Bf2 {[%emt 0:00:42]} Nc5 {[%emt 0:03:06]} 16. g4 {[%emt 0:07:39]} g6 {[%emt 0:03:52]} 17. Rad1 {[%emt 0:15:59]} e5 {[%emt 0:02:40]} 18. Nde2 {[%emt 0:01:00]} d5 {[%emt 0:01:12]} 19. exd5 {[%emt 0:01:53]} Nxd5 {[%emt 0:00:22]} 20. Nxd5 {[%emt 0:00:46]} Rxd5 {[%emt 0:01:50]} 21. Qe3 {[%emt 0:02:03]} Nxa4 {[%emt 0:02:33]} 22. Rxd5 {[%emt 0:02:25]} Bxd5 {[%emt 0:00:07]} 23. Nc3 {[%emt 0:02:05]} Nxc3 {[%emt 0:04:07]} 24. Qxc3 {[%emt 0:00:28]} Qxc3 {[%emt 0:01:35]} 25. bxc3 {[%emt 0:00:01]} Bxf3 {[%emt 0:01:53]} 26. Rxe5 {[%emt 0:03:42]} Bf6 {[%emt 0:00:29]} 27. Bxa6 {[%emt 0:00:31]} Ra8 {[%emt 0:04:37]} 28. Re3 {[%emt 0:00:16]} Bxg4 {[%emt 0:00:15]} 29. Bd3 {[%emt 0:04:25]} Rc8 {[%emt 0:03:25]} 30. Re1 {[%emt 0:01:58]} Bxc3 {[%emt 0:02:06]} 31. Rb1 {[%emt 0:00:27]} Ba5 {[%emt 0:00:33]} 32. Kg2 {[%emt 0:02:32]} Be6 {[%emt 0:01:12]} 33. Kf3 {[%emt 0:02:16]} Bc4 {[%emt 0:01:34]} 34. Ke4 {[%emt 0:00:17]} Bxd3+ {[%emt 0:00:17]} 35. cxd3 {[%emt 0:01:31]} f5+ {[%emt 0:00:59]} 36. Kd5 {[%emt 0:00:27]} Kf7 {[%emt 0:00:52]} 37. d4 {[%emt 0:02:07]} g5 {[%emt 0:01:27]} 38. Kd6 {[%emt 0:00:30]} Rc2 {[%emt 0:00:36]} 39. Bg1 {[%emt 0:00:13]} f4 {[%emt 0:01:35]} 40. d5 {[%emt 0:00:35]} f3 {[%emt 0:00:45]} 41. Bxb6 {[%emt 0:01:16]} Bxb6 {[%emt 0:00:44]} 42. Rxb6 {[%emt 0:00:02]} Rxh2 {[%emt 0:00:19]} 43. Kc7 {[%emt 0:00:57]} Rc2+ {[%emt 0:00:20]} 44. Kb7 {[%emt 0:00:33]} f2 {[%emt 0:00:43]} 45. Rb1 {[%emt 0:00:02]} Rd2 {[%emt 0:00:25]} 46. Kc6 {[%emt 0:00:14]} g4 {[%emt 0:00:08]} 0-1

[Event "Kragero Resort Chess A 2019"]
[Site "Kragero"]
[Date "2019.02.21"]
[Round "2.18"]
[White "Ragnarsson, Dagur"]
[Black "Unneland, Mathias"]
[Result "1-0"]
[WhiteElo "2361"]
[BlackElo "1890"]
[Annotator "NA"]
[PlyCount "45"]
[EventDate "2019.02.20"]
[EventType "swiss"]
[EventCountry "NOR"]
[SourceTitle "playchess.com"]
[Source "ChessBase"]
[SourceQuality "1"]
[TimeControl "5400+30"]

1. d4 {[%emt 0:01:17]} Nf6 {[%emt 0:00:00]} 2. c4 {[%emt 0:00:07]} g6 {[%emt 0:00:00]} 3. Nc3 {[%emt 0:00:10]} Bg7 {[%emt 0:00:00]} 4. e4 {[%emt 0:00:08]} d6 {[%emt 0:00:00]} 5. Nf3 {[%emt 0:00:05]} O-O {[%emt 0:00:14]} 6. Be2 {[%emt 0:00:05]} e5 {[%emt 0:00:33]} 7. Be3 {[%emt 0:00:37]} exd4 {[%emt 0:00:24]} 8. Nxd4 {[%emt 0:00:08]} Re8 {[%emt 0:00:32]} 9. f3 {[%emt 0:00:10]} Nc6 {[%emt 0:00:52]} 10. O-O {[%emt 0:02:46]} Bd7 {[%emt 0:02:39]} 11. Rc1 {[%emt 0:04:21]} a6 {[%emt 0:03:40]} 12. Qd2 {[%emt 0:03:58]} Qb8 {[%emt 0:05:04]} 13. a3 {[%emt 0:09:46]} Nxd4 {[%emt 0:06:02]} 14. Bxd4 {[%emt 0:00:06]} b5 {[%emt 0:00:53]} 15. Bxf6 {[%emt 0:17:29]} Bxf6 {[%emt 0:01:31]} 16. Nd5 {[%emt 0:00:06]} Bd8 {[%emt 0:00:45]} 17. cxb5 {[%emt 0:00:06]} Bxb5 {[%emt 0:01:35]} 18. Bxb5 {[%emt 0:00:31]} Qxb5 {[%emt 0:01:05]} 19. Rc2 {[%emt 0:08:51]} Rc8 {[%emt 0:01:52]} 20. Rfc1 {[%emt 0:01:01]} f5 {[%emt 0:13:19]} 21. a4 {[%emt 0:13:08]} Qxa4 {[%emt 0:01:41]} 22. Nb6 {[%emt 0:00:15]} cxb6 {[%emt 0:00:47]} 23. Qd5+ {[%emt 0:01:47]} 1-0